logo

Bir Sreshtho Munshi Abdur Rouf Library
Jhenaidah Cadet College

সূর্যোদয় থেকে সূর্যাস্ত অতঃপর ? কৃষ্ণান্ধকার / (Record no. 7836)

MARC details
000 -LEADER
fixed length control field 00771nam a2200229 a 4500
001 - CONTROL NUMBER
JCCL Control Number 7836
003 - CONTROL NUMBER IDENTIFIER
JCCL marc code BD-JhCC
005 - DATE AND TIME OF LATEST TRANSACTION
control field 20180401172920.0
008 - FIXED-LENGTH DATA ELEMENTS--GENERAL INFORMATION
fixed length control field 171017s1996 bg |||| ||a| 000 0 ben d
020 ## - INTERNATIONAL STANDARD BOOK NUMBER
International Standard Book Number 9844013445
035 ## - SYSTEM CONTROL NUMBER
system control number (BD-JhCC)7836
040 ## - CATALOGING SOURCE
Original cataloging agency BD-JhCC
Modifying agency BD-JhCC
041 ## - LANGUAGE CODE
Language code of Book ben
082 ## - DEWEY DECIMAL CLASSIFICATION NUMBER
Classification number 891.4435
Author mark and Year IBR 1996
100 ## - MAIN ENTRY--PERSONAL NAME
Personal name ইব্রাহীম, নীলিমা
245 ## - TITLE STATEMENT
Title সূর্যোদয় থেকে সূর্যাস্ত অতঃপর ? কৃষ্ণান্ধকার /
Statement of responsibility, etc নীলিমা ইব্রাহীম
260 ## - PUBLICATION, DISTRIBUTION, ETC. (IMPRINT)
Place of publication, distribution, etc ঢাকা :
Name of publisher, distributor, etc আগামী প্রকাশনী,
Date of publication, distribution, etc 1996.
300 ## - PHYSICAL DESCRIPTION
Pagination 75 p.;
Dimensions 22 cm.
650 ## - SUBJECT ADDED ENTRY--TOPICAL TERM
Topical term or geographic name as entry element Historical Stories
942 ## - ADDED ENTRY ELEMENTS (KOHA)
Source of classification or shelving scheme Dewey Decimal Classification
Koha item type Books
Holdings
Source of classification or shelving scheme Damaged status Not for loan Home library Current library Shelving location Date of accession Source of acquisition Cost, normal purchase price Total Checkouts Full call number Barcode Date last seen Copy number Koha item type
Dewey Decimal Classification     JCC Rouf Library JCC Rouf Library General Stacks 02/14/2018 Zahedee Foundation 50.00   891.4435 IBR 1996 9879 02/14/2018 C-1 Books

JCC Library | Contacts | JCC Home

Last Update on 23 September 2017
Copyright @ 2017-2020 JCC Rouf Library
Rouf Library, Jhenidah Cadet College (JCC), Bangladesh